000 00297nam a2200121Ia 4500
008 240624s9999 xx 000 0 und d
041 _aeng
082 _a530 VER
100 _aVERMA H C
245 _aCONCEPTS OF PHYSICS
260 _c2008
_aNew Delhi
_bBharti Bhawan
300 _a462 : p. : cm. ; 27
999 _c11779
_d11779